REGIONAL training strategy : supporting the implementation of the code of practice for forest harvesting in Asia-Pacific

Bibliographic Details
Corporate Author: Asia-Pacific Forestry Commission
Format: Book
Published: Bangkok : FAO Regional Office for Asia and the Pacific , 2001
Subjects:

MARC

LEADER 00000cam a2200000 7i4500
001 0000002228
005 20030331.0
020 0 0 |a 9748843955 
090 0 0 |a FAO634.92095   |b REG 2001 
245 0 0 |a REGIONAL training strategy : supporting the implementation of the code of practice for forest harvesting in Asia-Pacific 
260 0 0 |a Bangkok :   |b FAO Regional Office for Asia and the Pacific ,   |c 2001 
300 |a 31 p. ;   |c 30 cm. 
500 0 0 |a Bibliography : p. 21 
650 0 0 |a Forest management   |z Asia 
710 1 1 |a Asia-Pacific Forestry Commission 
998 |a JPSM 
999 |a 0000003306   |b Monograph   |c Open Shelf   |e Default branch 
999 |a 0000003437   |b Monograph   |c Open Shelf   |e Default branch 
999 |a 0000006510   |b Monograph   |c Food and Agriculture Organization   |e Default branch